Statistiques concernant Pokémon-Les Pokémon les plus rapides par génération

Cliquez ici pour prendre le quiz!

Statistiques générales

  • Ce quiz a été pris 19 fois
  • Le résultat moyen est 3 sur 8

Statistiques - réponses

GénérationPokémon% Correct
IElectrode
71%
IIIDeoxys forme Vitesse
64%
VLimaspeed
36%
VIIIZacian forme Epée Suprême
29%
VIICancrelove
21%
VIFlambusard
21%
IINostenfer
21%
IVShaymin forme Céleste
14%

Distribution des résultats

Percentile par nombre de réponses

% des personnes avec chaque résultat

Votre développement - résultats

Vous n’avez pas pris ce quiz